000 01050nam0a22002291 4500
001 rc\4410604
005 20260407084212.0
035 _a(NLR Aleph) 008302507
090 _a8645057
_c8645057
100 _a20130416a19599999|||y0rusy50 ca
101 0 _arus
102 _aRU
105 _ay z |||||
200 1 _aТруды Донецкого Ордена Трудового Красного Знамени индустриального института...
_eВып. 7-
_fМ-во высш. образ. УССР
_iСерия строительной механики
210 _aСталино
_cБ. и.
_d1959-
710 0 2 _aДонецкий политехнический институт
_3RU\NLR\AUTH\8811928
_9296548
801 0 _aRU
_bNLR
_gpsbo
801 1 _aRU
_bELAR
_2rusmarc
830 _aПеречень имеющихся в библиотеке томов, номеров, годов этого издания смотри в каталоге периодических изданий
852 _aNLR
_jП10/928
942 _cBOOK
980 _aNB